Tasa de interes, crecimiento económico y empleo / (Registro nro. 28033)

Detalles MARC
000 -LEADER
fixed length control field 00795nam a2200229Ia 4500
003 - CONTROL NUMBER IDENTIFIER
control field CO-CtgCURN
005 - DATE AND TIME OF LATEST TRANSACTION
control field 20250410152400.0
008 - FIXED-LENGTH DATA ELEMENTS--GENERAL INFORMATION
fixed length control field 190722s9999 xx 000 0 und d
020 ## - INTERNATIONAL STANDARD BOOK NUMBER
International Standard Book Number 9581700374
040 ## - CATALOGING SOURCE
Original cataloging agency CO-CtgCURN
Language of cataloging spa
Transcribing agency coctgcurn
082 ## - DEWEY DECIMAL CLASSIFICATION NUMBER
Classification number 339.5
Item number T197
245 #0 - TITLE STATEMENT
Title Tasa de interes, crecimiento económico y empleo /
Statement of responsibility, etc. comp., Jorge Child Velez
260 ## - PUBLICATION, DISTRIBUTION, ETC.
Place of publication, distribution, etc. Bogotá, Colombia :
Name of publisher, distributor, etc. Universidad Nacional de Colombia,
Date of publication, distribution, etc. 1988
300 ## - PHYSICAL DESCRIPTION
Extent 252 páginas ;
Dimensions 21 centímetros
521 ## - TARGET AUDIENCE NOTE
Target audience note AREA SOCIOHUMANISTICA
590 ## - LOCAL NOTE (RLIN)
Local note Todos los programas académicos
650 ## - SUBJECT ADDED ENTRY--TOPICAL TERM
Topical term or geographic name entry element Produccion
650 ## - SUBJECT ADDED ENTRY--TOPICAL TERM
Topical term or geographic name entry element Tasa de interes
700 ## - ADDED ENTRY--PERSONAL NAME
Personal name Child Velez, Jorge
Relator term compilador
942 ## - ADDED ENTRY ELEMENTS (KOHA)
Koha item type Libros
Classification part 339.5
Item part T197
Source of classification or shelving scheme Dewey Decimal Classification
Suppress in OPAC No
Existencias
Withdrawn status Lost status Damaged status Not for loan Collection Home library Current library Shelving location Date acquired Inventory number Total checkouts Full call number Barcode Date last seen Copy number Price effective from Koha item type
          Miguel Henríquez Castañeda Barranquilla Miguel Henríquez Castañeda Barranquilla General 05/23/2018 00730   339.5 T197 00730 07/22/2019 ej.1 07/22/2019 Libros